Les lesbiennes de Berlin 1928
Uloženo v:
| Hlavní autor: | |
|---|---|
| Médium: | Kniha |
| Jazyk: | angličtina |
| Vydáno: |
Lille
Gay-Kitsch-Camp
1992
|
| Tagy: |
Žádné tagy, Buďte první, kdo vytvoří štítek k tomuto záznamu!
|
MARC
| LEADER | 00000nam a2200000 4500 | ||
|---|---|---|---|
| 005 | 20240831175121.0 | ||
| 008 | 240731b |||||||| |||| 00| 0 eng d | ||
| 020 | |a 290805020X | ||
| 040 | |c GP | ||
| 100 | |a Roellig, Ruth Margarete | ||
| 245 | |a Les lesbiennes de Berlin |b 1928 | ||
| 260 | |a Lille |b Gay-Kitsch-Camp |c 1992 | ||
| 942 | |2 ddc |c BK |n 0 | ||
| 952 | |0 0 |1 0 |2 ddc |4 0 |6 306_766000000000000_ROE |7 1 |9 1744 |a RM |b RM |d 2024-07-31 |l 0 |o 306.766 ROE |p 539 |r 2024-07-31 18:44:44 |w 2024-07-31 |y BK | ||
| 999 | |c 1560 |d 1560 | ||